Thanos - Portrayals by Picture - Statistics

General Stats
  • This quiz has been taken 11 times
  • The average score is 1 of 10
Answer Stats
Picture Answer % Correct
Josh Brolin
100%
Isaac C. Singleton Jr.
11%
Isaac C. Singleton Jr.
11%
Steve Blum / Jim Cummings
11%
Gary Krawford
0%
Isaac C. Singleton Jr.
0%
Isaac C. Singleton Jr.
0%
Isaac C. Singleton Jr.
0%
Jake Hart
0%
Kyle Hebert
0%
No matching quizzes found
Score Distribution
Percent of People with Each Score
Percentile by Number Answered
Your Score History
You have not taken this quiz